000 00257nam a2200097Ia 4500
082 _aT 331.702 SANN
245 0 _aSpecial education teacher
100 _a SANNA, Ellyn Broomall, Pa., 2003
942 _cBK
008 210817s9999 xx 000 0 und d
999 _c214948
_d214948